| 000 | 00355nam a22001337a 4500 | ||
|---|---|---|---|
| 082 |
_a891.4397 _bTOQ |
||
| 100 | _aToqar, Dr. Khalil | ||
| 245 |
_aMulla Nasruddin Lataif / _cDr. Khalil Toqar |
||
| 260 |
_aBahawalpur: _bUrdu Ghar publications; _c2014. |
||
| 300 | _a131p. | ||
| 563 | _aHB | ||
| 650 |
_aFanoon _amazahiyat _9123834 |
||
| 942 |
_2ddc _cBK |
||
| 999 |
_c609894 _d609894 |
||